000 00773nas a2200253 4500
001 BR8206803
003 BR-BrBNA
005 20231205085338.0
007 ta
008 230509b bl.|||p| |||| 00| 00por d
040 _aBR-BrBNA
_bpor
_cBiblioteca Nacional de Agricultura
041 _a(Pt)
072 _aH10
100 1 _aCosta, E.C.
100 1 _aLink, D.
245 1 _aAvaliacao do material de confeccao do saco da rede de varredura na eficiencia de coleta de pragas da soja
650 _aSOJA
650 _aLAGARTA
650 _aPERCEVEJO
650 _aCAPTURA
773 0 _tRevista do Centro de Ciencias Rurais (Brazil)
_xISSN 0085-5901
_g(Oct-Dec 1982), v. 12(4) p. 233-237
_wBR8206803
909 _a202311
_bLúcia
_c55
_dLúcia Elande
942 _2AGRIS
_n0
_cANA
999 _c110879
_d110879